Forgotten Countries and Colonies - Statistics

General Stats
  • This quiz has been taken 40 times
  • The average score is 3 of 13
Answer Stats
Hint Answer % Correct
More of a French region given to vikings Normandy
67%
YOU JUST HAVE TO BE A PART OF ME BECAUSE MOUNTAINS AND TERRITORY!! - China :( Tibet
64%
When poland was under ... in the 18th century Prussia
42%
Original rus Kievan rus
36%
The southern state of cowbois came independent from mexico The Republic of Texas
15%
When Poland and Lithuania Married together The Poland-Lithuanian Commonwealth
12%
The Germanic Three Crosses (A Stuttering Satire of a name) Holy Roman Empire
9%
ENGLAND (Colony) Roanoke
9%
The one that was anti-USA and had something else in mind The Confederate States of America
9%
The other... malta that still exists..... The Sovereign Military Order of Malta
3%
Crumbs of The Dane in India Danish India
0%
Bootleg yugoslavia Federal Republic of Yugoslavia
0%
The empire of the east (NOT Ottoman empire) The Mongolian Empire
0%
No matching quizzes found
Score Distribution
Percent of People with Each Score
Percentile by Number Answered
Your Score History
You have not taken this quiz